000 00490nam a22001937a 4500
003 NUST - PNEC
005 20170116180820.0
008 150616b xxu||||| |||| 00| 0 eng d
020 _a-
040 _cLIBRARY
082 _a510 WYL
100 _94036
_aWylif, C.R.
245 _aAdvanced engineering mathematics
_cC.R. Wylif
250 _a2nd ed
260 _aNew York
_bMcGraw-Hill Book Company
_cc1960.
300 _a696 p. :
650 _94037
_aMathematics
_xME
942 _2ddc
_cBK
999 _c63691
_d63691